[Event "Rheinhessen-ch"]
[Site "Gau Algesheim"]
[Date "2010.03.31"]
[Round "5"]
[White "Dillmann, Markus"]
[Black "Lawrenz, Alexander"]
[Result "0-1"]
[WhiteElo "2032"]
[BlackElo "2046"]
[PlyCount "40"]
[EventDate "2010.03.27"]
[EventType "tourn"]
[EventRounds "7"]
[EventCountry "GER"]
[SourceTitle "EXT 2012"]
[Source "ChessBase"]
[SourceDate "2011.11.24"]
[SourceVersion "1"]
[SourceVersionDate "2011.11.24"]
[SourceQuality "1"]

1. e4 c5 2. Nc3 Nc6 3. g3 g6 4. Bg2 Bg7 5. d3 d6 6. f4 e6 7. Nf3 Nge7 8. 0-0 Rb8 9. Be3 Nd4 10. e5 Nef5 11. Bf2 b6 12. Ne4 Nxf3+ 13. Qxf3 dxe5 14. fxe5 Bxe5 15. c3 0-0 16. Qe2 Bg7 17. g4 Nd6 18. Bg3 e5 19. d4 cxd4 20. cxd4 Nxe4 0-1

[Event "Rheinhessen-ch"]
[Site "Gau Algesheim"]
[Date "2010.03.30"]
[Round "4"]
[White "Hegermann, Frank"]
[Black "Lawrenz, Alexander"]
[Result "1/2-1/2"]
[WhiteElo "2065"]
[BlackElo "2046"]
[PlyCount "95"]
[EventDate "2010.03.27"]
[EventType "tourn"]
[EventRounds "7"]
[EventCountry "GER"]
[SourceTitle "EXT 2012"]
[Source "ChessBase"]
[SourceDate "2011.11.24"]
[SourceVersion "1"]
[SourceVersionDate "2011.11.24"]
[SourceQuality "1"]

1. d4 Nf6 2. c4 g6 3. Nc3 Bg7 4. Nf3 0-0 5. g3 d6 6. Bg2 Nc6 7. 0-0 a6 8. d5 Na5 9. Nd2 c5 10. Qc2 Rb8 11. a3 b5 12. cxb5 axb5 13. b4 cxb4 14. axb4 Nc4 15. Ra7 Bd7 16. Nxc4 bxc4 17. b5 Ra8 18. Rxa8 Qxa8 19. Bd2 Rb8 20. Rb1 Be8 21. h3 Rb7 22. Rb4 Qc8 23. Qa2 Nd7 24. Rxc4 Rc7 25. Rc6 Nb6 26. Rxc7 Qxc7 27. Qa5 Qc5 28. e3 Nc4 29. Qd8 Kf8 30. Be1 Nxe3 31. b6 Bxc3 32. Bxc3 Qxc3 33. fxe3 Qxe3+ 34. Kh2 h5 35. b7 h4 36. Qxe8+ Kxe8 37. b8Q+ Kd7 38. Qb5+ Kd8 39. Qa5+ Kc8 40. Qa6+ Kd8 41. g4 f5 42. gxf5 Qf4+ 43. Kh1 gxf5 44. Qf1 Qg5 45. Qf3 Qf6 46. Qe3 Qa1+ 47. Kh2 Qe5+ 48. Qxe5 1/2-1/2

[Event "Rheinhessen-ch MT"]
[Site "Mainz"]
[Date "2009.04.09"]
[Round "5"]
[White "Lawrenz, Alexander"]
[Black "Krasnopeyeva, Julia"]
[Result "1-0"]
[WhiteElo "2138"]
[BlackElo "1884"]
[PlyCount "117"]
[EventDate "2009.04.04"]
[EventType "tourn"]
[EventRounds "7"]
[EventCountry "GER"]
[SourceTitle "EXT 2011"]
[Source "ChessBase"]
[SourceDate "2010.11.26"]
[SourceVersion "1"]
[SourceVersionDate "2010.11.26"]
[SourceQuality "1"]

1. e4 e6 2. d4 d5 3. Nc3 Bb4 4. e5 c5 5. Bd2 Ne7 6. Nb5 0-0 7. c3 Ba5 8. dxc5 Bc7 9. Nf3 Ng6 10. Bd3 Nc6 11. Nxc7 Qxc7 12. 0-0 Ncxe5 13. Nxe5 Qxe5 14. Re1 Qc7 15. Qh5 f5 16. Qf3 Qxc5 17. c4 d4 18. b4 Qc6 19. Qxc6 bxc6 20. f4 Bd7 21. Re2 Rac8 22. c5 Ne7 23. Bc4 Rf6 24. Rae1 Kf7 25. g3 Rd8 26. a3 Bc8 27. Bc1 Nd5 28. Bb2 Ne3 29. Rxe3 dxe3 30. Bxf6 Kxf6 31. Rxe3 Rd4 32. Be2 Re4 33. Rxe4 fxe4 34. Kf2 e5 35. Ke3 exf4+ 36. Kxf4 Bf5 37. h4 h6 38. h5 g5+ 39. hxg6 Bxg6 40. Bg4 Ke7 41. Bh3 Bf7 42. Kxe4 Kf6 43. Kf4 Bd5 44. Bg4 Bb3 45. Bc8 Bc2 46. Bd7 Ba4 47. Ke4 Ke7 48. Bc8 Kf6 49. Kd4 Bb5 50. Kc3 Ke5 51. Kb3 Kd4 52. Bb7 h5 53. Bc8 Ke3 54. Bd7 Kd4 55. Be8 a5 56. Bxh5 a4+ 57. Kc2 Bc4 58. Bf3 Bb5 59. Kd2 1-0

[Event "Berlin sim"]
[Site "Berlin"]
[Date "1999.??.??"]
[Round "?"]
[White "Rozentalis, Eduardas"]
[Black "Lawrenz, Alexander"]
[Result "1/2-1/2"]
[WhiteElo "2577"]
[BlackElo "2141"]
[PlyCount "72"]
[EventDate "1999.??.??"]
[EventType "simul"]
[EventRounds "1"]
[EventCountry "GER"]
[SourceTitle "EXT 2001"]
[Source "ChessBase"]
[SourceDate "2000.11.22"]
[SourceVersion "1"]
[SourceVersionDate "2000.11.22"]
[SourceQuality "1"]

1. e4 c5 2. Nf3 d6 3. d4 cxd4 4. Qxd4 Bd7 5. c4 Nc6 6. Qd2 g6 7. b3 Bg7 8. Bb2 Nf6 9. Nc3 0-0 10. Be2 a5 11. 0-0 Qb6 12. Nd5 Nxd5 13. exd5 Nb4 14. Bxg7 Kxg7 15. Nd4 Rfe8 16. f4 Nc2 17. Qxc2 Qxd4+ 18. Kh1 b5 19. Rad1 Qc5 20. Qb2+ Kg8 21. cxb5 Bxb5 22. Bxb5 Qxb5 23. f5 Rac8 24. Qf2 Rf8 25. Qe3 Rc2 26. Qxe7 Qe2 27. Qxe2 Rxe2 28. a4 Rc8 29. f6 g5 30. Rfe1 Rcc2 31. Rxe2 Rxe2 32. Kg1 h6 33. Rc1 Rd2 34. Rc7 Rxd5 35. Rd7 Rd3 36. Ra7 Rxb3 1/2-1/2

[Event "Travemuende op"]
[Site "Travemuende"]
[Date "1995.??.??"]
[Round "5"]
[White "Lawrenz, Alexander"]
[Black "Kengis, Edvins"]
[Result "0-1"]
[WhiteElo "2155"]
[BlackElo "2575"]
[PlyCount "50"]
[EventDate "1995.??.??"]
[EventType "swiss"]
[EventRounds "7"]
[EventCountry "GER"]
[SourceTitle "EXT 1998"]
[Source "ChessBase"]
[SourceDate "1997.11.17"]
[SourceVersion "1"]
[SourceVersionDate "1997.11.17"]
[SourceQuality "1"]

1. e4 c5 2. Nf3 d6 3. d4 cxd4 4. Nxd4 Nf6 5. Nc3 Bd7 6. f3 e5 7. Nb3 Bc6 8. Bg5 Nbd7 9. Qd2 Be7 10. h4 0-0 11. g4 a5 12. a4 Nb6 13. Nb5 d5 14. Nxa5 dxe4 15. Qxd8 Rfxd8 16. Nxc6 bxc6 17. Nc3 Bb4 18. Bxf6 gxf6 19. fxe4 Nxa4 20. Kf2 Nxb2 21. Rxa8 Rxa8 22. Ne2 Nd1+ 23. Kg2 Ne3+ 24. Kf3 Nxc2 25. Ng3 Ra3+ 0-1

[Event "Budapest Spring op 09th"]
[Site "Budapest"]
[Date "1993.??.??"]
[Round "2"]
[White "Rovid, Kalman"]
[Black "Lawrenz, Alexander"]
[Result "1/2-1/2"]
[WhiteElo "2325"]
[BlackElo "2220"]
[PlyCount "160"]
[EventDate "1993.03.??"]
[EventType "swiss"]
[EventRounds "9"]
[EventCountry "HUN"]
[SourceTitle "EXT 1998"]
[Source "ChessBase"]
[SourceDate "1997.11.17"]
[SourceVersion "1"]
[SourceVersionDate "1997.11.17"]
[SourceQuality "1"]

1. e4 e6 2. d4 d5 3. Nd2 Nf6 4. e5 Nfd7 5. c3 c5 6. Bd3 Nc6 7. Ne2 cxd4 8. cxd4 f6 9. exf6 Nxf6 10. Nf3 Bd6 11. 0-0 0-0 12. Nc3 Bd7 13. h3 a6 14. Be3 Qc7 15. Rc1 Rae8 16. Re1 Qd8 17. Bb1 Re7 18. Ne5 Be8 19. f4 Bb4 20. Rf1 Bxc3 21. bxc3 Qc7 22. Qf3 Nxe5 23. fxe5 Nd7 24. Qg4 Rxf1+ 25. Rxf1 Nf8 26. Bg5 Rf7 27. Rc1 Rd7 28. h4 Bg6 29. Bxg6 hxg6 30. h5 gxh5 31. Qxh5 Rf7 32. Qe2 Qb6 33. Be3 Rc7 34. Qc2 Qc6 35. Bd2 Qc4 36. Qb1 Qe2 37. Bf4 Rf7 38. Rf1 Qc4 39. Rf3 Qe2 40. a4 Qc4 41. Qc2 b5 42. axb5 axb5 43. Qd2 Rf5 44. Rg3 Qb3 45. Qc1 Qa2 46. Bd2 Kf7 47. Qd1 Qc4 48. Qg4 Qf1+ 49. Kh2 g6 50. Rh3 Qb1 51. Qh4 Rf1 52. Rf3+ Rxf3 53. gxf3 Qf5 54. Kg3 Qb1 55. Kf2 Qc2 56. Qf6+ Kg8 57. Ke2 Qf5 58. Qd8 Qh5 59. Qb8 Qh2+ 60. Kd3 Qh1 61. Kc2 Qxf3 62. Bh6 Qe2+ 63. Kb3 Qf1 64. Kb2 Qf2+ 65. Ka3 Qf1 66. Qe8 Qa1+ 67. Kb3 Qb1+ 68. Ka3 Qa1+ 69. Kb4 Qb2+ 70. Ka5 Qxc3+ 71. Ka6 Qa1+ 72. Kxb5 Qb2+ 73. Kc6 Qc3+ 74. Kb7 Qb4+ 75. Kc8 Qc3+ 76. Kd8 Qa5+ 77. Ke7 Qa3+ 78. Kf6 Qf3+ 79. Ke7 Qa3+ 80. Kf6 Qf3+ 1/2-1/2